Pearson CBSE expert 2020 question bank : (Record no. 170388)

MARC details
000 -LEADER
fixed length control field 00683nam a2200205 4500
005 - DATE AND TIME OF LATEST TRANSACTION
control field 20191213155313.0
010 ## - LCCN (DPL NO)
LC control number ENG-127136
020 ## - INTERNATIONAL STANDARD BOOK NUMBER
International Standard Book Number 9789389588835
Terms of availability 499.00
035 ## - SYSTEM CONTROL NUMBER
System control number EN-110668
037 ## - SOURCE OF ACQUISITION
Source of stock number/acquisition DBAD/PUB
082 ## - DEWEY DECIMAL CLASSIFICATION NUMBER
Classification number 500
100 ## - MAIN ENTRY--PERSONAL NAME
Personal name Dhawan, Prem
245 ## - TITLE STATEMENT
Title Pearson CBSE expert 2020 question bank :
Remainder of title by Prem Dhawan, R P Sharma [and] Rachna Gupta
Statement of responsibility, etc science /
260 ## - PUBLICATION, DISTRIBUTION, ETC. (IMPRINT)
Place of publication, distribution, etc Noida
Name of publisher, distributor, etc Pearson India Education
Date of publication, distribution, etc 2020
270 ## - ADDRESS
Address 15th Floor, Tower-b, World Trade Tower, Plot No.-1, Block -C, Sector 16
City Noida
Postal code 201301
300 ## - PHYSICAL DESCRIPTION
Extent xx;various paging.
Dimensions 25cm(pbk)
700 ## - ADDED ENTRY--PERSONAL NAME
Personal name Sharma, R P
700 ## - ADDED ENTRY--PERSONAL NAME
Personal name Gupta, Rachna
942 ## - ADDED ENTRY ELEMENTS (KOHA)
Source of classification or shelving scheme Dewey Decimal Classification
Item type English Books
Classification part 500
Call number suffix DHA
Holdings
Withdrawn status Lost status Not for loan Collection code Home library Current library Date acquired Source of acquisition Cost, normal purchase price Full call number Barcode Copy number Cost, replacement price Koha item type
      Non-fiction D.B.Act.Division Mobile Library 13/12/2019 DBAD/PUB 499.00 500 DHA EN-110668 1 499.00 English Books

© Delhi Public Library
Hit Counter
free hit counter